Sports Quiz

Random Sports or College Quiz

Colleges with more than one Tru Playez Starter Quiz Stats

 Plays Quiz not verified by Sporcle

Score 0/55 Timer 08:00
0 Plays Today
Different Starters College % Correct
11UNC
100%
10Duke
100%
9Kentucky
85.7%
7Florida
85.7%
9Kansas
78.6%
5Texas
71.4%
5Syracuse
71.4%
2Pitt
71.4%
10U Conn
64.3%
10UCLA
64.3%
8Georgetown
64.3%
7Arizona
64.3%
7Georgia Tech
64.3%
4Ohio St
64.3%
2Oklahoma
64.3%
5Michigan
57.1%
4Louisiana St
57.1%
3Stanford
57.1%
3USC
57.1%
6Michigan St
50%
6Memphis
50%
4California
50%
3Maryland
50%
3Florida St
50%
3Oregon
50%
3Minnesota
50%
2Marquette
50%
2Arkansas
50%
Different Starters College % Correct
2Wisconsin
50%
2St. Johns
50%
4Wake Forest
42.9%
3Utah
42.9%
3UNLV
42.9%
3Cincinnati
42.9%
3Purdue
42.9%
3Washington
42.9%
3Gonzaga
42.9%
2Oregon St
42.9%
2Iowa St
42.9%
2Clemson
42.9%
5Alabama
35.7%
4Villanova
35.7%
2Seton Hall
35.7%
2Houston
35.7%
4DePaul
28.6%
3Temple
28.6%
2St. Josephs
28.6%
3Xavier
21.4%
3Louisiana Tech
21.4%
2New Mexico
21.4%
2Nevada
21.4%
2URI
14.3%
2Virginia Union
14.3%
2UTEP
14.3%
2Fresno St
0%

You're not logged in!

Compare scores with friends on all Sporcle quizzes.
OR
Log In

Show Comments

Extras

Top Quizzes Today


Score Distribution

Your Account Isn't Verified!

In order to create a playlist on Sporcle, you need to verify the email address you used during registration. Go to your Sporcle Settings to finish the process.

Report this User

Report this user for behavior that violates our Community Guidelines.

Details: